Report of Technical Enquiry Committee on Rourkela Steel Plant (Record no. 489847)

000 -LEADER
fixed length control field 00491cam a22001337a 4500
008 - FIXED-LENGTH DATA ELEMENTS--GENERAL INFORMATION
fixed length control field 180718b1971 xxu||||| |||| 00| 0 eng d
082 ## - DEWEY DECIMAL CLASSIFICATION NUMBER
Classification number U61x54 In2rp
100 ## - MAIN ENTRY--PERSONAL NAME
Personal name Technical Enquiry Committee on Rourkela Steel Plant
245 ## - TITLE STATEMENT
Title Report of Technical Enquiry Committee on Rourkela Steel Plant
Statement of responsibility, etc. by Technical Enquiry Committee on Rourkela Steel Plant, India
260 ## - PUBLICATION, DISTRIBUTION, ETC.
Place of publication, distribution, etc. New Delhi
Name of publisher, distributor, etc. The author
Date of publication, distribution, etc. 1971
300 ## - PHYSICAL DESCRIPTION
Extent 14+p.
500 ## - GENERAL NOTE
General note Chairman: R.A. Loomba
700 ## - ADDED ENTRY--PERSONAL NAME
Personal name Loomba, R.A. (Chairman)
Holdings
Withdrawn status Lost status Damaged status Not for loan Permanent Location Current Location Date acquired Full call number Barcode Date last seen Price effective from Koha item type
        Indian Institute of Public Administration Indian Institute of Public Administration 2018-08-04 U61x54 In2rp GG12550 2018-08-04 2018-08-04 GG

Powered by Koha